Library Banner

The well-tempered city : (Record no. 120455)

MARC details
000 -LEADER
fixed length control field 00648nam a2200193 4500
005 - DATE AND TIME OF LATEST TRANSACTION
control field 20201127170024.0
008 - FIXED-LENGTH DATA ELEMENTS--GENERAL INFORMATION
fixed length control field 201127b ||||| |||| 00| 0 eng d
020 ## - INTERNATIONAL STANDARD BOOK NUMBER
International Standard Book Number 9780082234728
040 ## - CATALOGING SOURCE
Transcribing agency PK-LaUMT
082 ## - DEWEY DECIMAL CLASSIFICATION NUMBER
Classification number 711.4
Item number ROS-W
100 ## - MAIN ENTRY--PERSONAL NAME
Personal name Rose, Jonathan F. P.
245 ## - TITLE STATEMENT
Title The well-tempered city :
Remainder of title what modern science, ancient civilizations, and human nature teach us about the future of urban life /
Statement of responsibility, etc by Jonathan F. P. Rose
260 ## - PUBLICATION, DISTRIBUTION, ETC. (IMPRINT)
Place of publication, distribution, etc New York :
Name of publisher, distributor, etc Harper Wave,
Date of publication, distribution, etc 2016
300 ## - PHYSICAL DESCRIPTION
Extent 463 p.
650 ## - SUBJECT ADDED ENTRY--TOPICAL TERM
Topical term or geographic name as entry element City planning
650 ## - SUBJECT ADDED ENTRY--TOPICAL TERM
Topical term or geographic name as entry element Cities and towns-Growth
650 ## - SUBJECT ADDED ENTRY--TOPICAL TERM
Topical term or geographic name as entry element Community development-Environmental aspects
942 ## - ADDED ENTRY ELEMENTS (KOHA)
Koha item type Books
Holdings
Withdrawn status Lost status Damaged status Home library Current library Date acquired Full call number Barcode Date last seen Price effective from Koha item type
      UMT Main Campus UMT Main Campus 2020-11-27 711.4 ROS-W 135670 2020-11-27 2020-11-27 Books